Statistics for Five Richest Countries by Continent

Click here to take the quiz!

General Stats

  • This quiz has been taken 66,726 times
    (20,096 since last reset)
  • The average score is 19 of 30

Answer Stats

Continent GDP per Capita Country % Correct
North America$64,900United States
97%
North America$50,900Canada
95%
Oceania$54,600Australia
91%
South America$16,500Brazil
89%
Oceania$43,100New Zealand
88%
South America$20,400Argentina
86%
South America$27,700Chile
83%
Europe$196,000Monaco
81%
Europe$112,000Luxembourg
77%
South America$24,300Uruguay
73%
Europe$129,000Liechtenstein
73%
Asia$78,200United Arab Emirates
72%
Europe$76,100Norway
71%
Asia$100,000Singapore
71%
Oceania$10,400Fiji
69%
Asia$135,000Qatar
69%
North America$32,500Bahamas
62%
Asia$75,200Kuwait
58%
South America$16,200Suriname
58%
Asia$83,900Brunei
50%
Europe$84,400Ireland
47%
Oceania$14,300Nauru
45%
Oceania$12,900Palau
44%
Africa$32,000Seychelles
44%
North America$31,200St. Kitts and Nevis
43%
Africa$24,900Mauritius
41%
North America$32,800Trinidad and Tobago
39%
Africa$18,700Botswana
28%
Africa$18,900Gabon
25%
Africa$21,400Equatorial Guinea
24%

Score Distribution

Percentile by Number Answered

Percent of People with Each Score

Your Score History

You have not taken this quiz since the last reset